000 00926cam a22002295a 4500
001 L148416
008 070105s2008 xxk f 000 0 eng u
035 _a(Sirsi) u148416
041 0 _aeng
050 0 4 _a346.410432 $2 18
110 1 _aRoyal Institution of Chartered Surveyors
_94900
245 0 0 _aBoundary disputes
_h[electronic resource]
260 _aLondon
_bRICS
_c2008
300 _a5p.
_bill.
_c21cm.
520 _aLeaflet explains what to do in case of a boundary dispute and how to choose an expert for further advice.
521 _aIntroductory
651 4 _aEngland and Wales
_y1543-
690 _aPROPERTY-PROPERTY MANAGEMENT-BOUNDARY DETERMINATION
690 _aMANAGEMENT-DISPUTE AVOIDANCE, MANAGEMENT AND RESOLUTION-DISPUTE MANAGEMENT AND RESOLUTION
856 4 0 _uhttps://www.rics.org/site/download_feed.aspx?fileID=191&fileExtension=PDF
_zView the leaflet free of charge at www.rics.org
942 _n0
999 _c110041
_d110041